ბათუმის შოთა რუსთაველის სახელმწიფო უნივერსიტეტის ბიბლიოთეკა

Селекция и семеноводство полевых культур (ბიბ.ჩანაწერი № 45667)

000 -LEADER
fixed length control field 00565nam a2200193Ia 4500
001 - CONTROL NUMBER
control field 12493
003 - CONTROL NUMBER IDENTIFIER
control field GE_BSU
008 - FIXED-LENGTH DATA ELEMENTS--GENERAL INFORMATION
fixed length control field 181216s||||||||xx |||||||||||||| ||und||
040 ## - CATALOGING SOURCE
Transcribing agency GE_BSU
080 ## - UNIVERSAL DECIMAL CLASSIFICATION NUMBER
Universal Decimal Classification number 633
100 ## - MAIN ENTRY--PERSONAL NAME
Personal name Максимович,М.М.
245 ## - TITLE STATEMENT
Title Селекция и семеноводство полевых культур
260 ## - PUBLICATION, DISTRIBUTION, ETC.
Place of publication, distribution, etc. Москва
260 ## - PUBLICATION, DISTRIBUTION, ETC.
Name of publisher, distributor, etc. Сельхозгиз
260 ## - PUBLICATION, DISTRIBUTION, ETC.
Date of publication, distribution, etc. 1962
300 ## - PHYSICAL DESCRIPTION
Extent 406стр.илл.26см.
653 ## - INDEX TERM--UNCONTROLLED
Uncontrolled term Селекция и семеноводство полевых культур
942 ## - ADDED ENTRY ELEMENTS (KOHA)
Koha item type წიგნი
ეგზემპლარები
Withdrawn status Lost status Damaged status Not for loan Date acquired Barcode Date last seen Price effective from Koha item type
        2018-12-17 20674 2018-12-17 2018-12-17 წიგნი